Statistics for Girls Names

Click here to take the quiz!

General Stats

  • This quiz has been taken 20 times
  • The average score is 111 of 333

Answer Stats

HintAnswer% Correct
AAva
88%
KKate
88%
OOlivia
88%
AAnna
81%
EElla
81%
EEmma
81%
JJen
81%
KKatherine/Kathryn
81%
LLilly/Lily
81%
AAmber
75%
AAmy
75%
CChloe
75%
EEliza
75%
EElizabeth
75%
HHannah/Hanna
75%
JJennifer/Jenifer
75%
JJessica/Jess
75%
MMarie/Maria
75%
MMarry/Mary
75%
RRose
75%
AAmelia
69%
BBella
69%
CCatherine
69%
DDiana
69%
EEllie
69%
EEva
69%
EEve
69%
IIsabelle/Isabel
69%
JJulia
69%
LLauren
69%
LLucy/Lucie
69%
OOlive
69%
SSara/Sarah
69%
VVictoria
69%
AAbby
63%
AAbigail
63%
CClara
63%
EElle
63%
EEmily
63%
EEvelyn
63%
FFreya
63%
GGrace
63%
HHailey/Hayley
63%
HHarper
63%
IIsabella
63%
JJazmine/Jasmine
63%
JJulie
63%
KKatie
63%
KKris
63%
KKristen
63%
MMaya/Mya/Maia/Maja
63%
MMia
63%
PPenelope
63%
RRachel
63%
RRebecca
63%
SSofie/Sophie
63%
SSophia/Sofia
63%
VVal/Valory/Valary
63%
WWendy/Wendie
63%
AAlexandrea/Alex/Alexandra
56%
AAllison
56%
AAria
56%
AAshley/Ashleigh
56%
FFiona
56%
FFrances
56%
GGeorgia
56%
GGracie
56%
HHelen
56%
HHolly
56%
JJade
56%
LLea/Leah/Lia
56%
LLiliana/Lillian/Lillianna
56%
LLydia/Lidya/Lidia
56%
MMargot/ Margaret
56%
MMollie/Molly
56%
PPenny
56%
RRuthie/Ruth
56%
SStefanie/Stephanie
56%
WWillow
56%
ZZoe/Zoey
56%
AAlexa
50%
AAlly/Aly
50%
AAnnabella
50%
AAnnie
50%
CCaroline
50%
CClaire
50%
CCora
50%
DDanielle
50%
EEvie
50%
IIsla
50%
IIvy
50%
JJune
50%
LLuna
50%
MMacy/Macie/Masie
50%
MMaddison/Madison
50%
NNatalie/Nathalie
50%
NNina
50%
NNorah/Nora
50%
PPatrica/Patricia
50%
PPhoebe
50%
SSamantha
50%
SScarlett
50%
SStella/Stelle
50%
YYolanda
50%
YYvonne
50%
AAmanda
44%
AAudrey
44%
AAvery/Averie
44%
BBrianna/Briana/Brianne
44%
CCynthia
44%
DDaisey/Daisy
44%
EEleanor
44%
FFaith
44%
GGabriella
44%
GGabrielle
44%
HHelena
44%
HHope
44%
JJackie
44%
JJacqueline
44%
LLena
44%
MMady/Maddie/Maddy
44%
MMeg
44%
MMegan/Meghan
44%
MMelody/Melodie
44%
MMichelle
44%
MMorgen/Morgan
44%
NNicole
44%
NNoelle/Noel
44%
PParker
44%
QQuinn/Quinnley/Quinnly/Quinnlay/Quin
44%
RRuby/Rubie
44%
RRylie/Riley/Ryley/Rylee
44%
UUna
44%
VViivi/Veve
44%
YYvette
44%
ZZara
44%
AAndrea
38%
BBea
38%
BBree/Brie
38%
CCaitlin
38%
DDana
38%
DDaniella
38%
EElise
38%
EEloise
38%
EElsa
38%
EErin
38%
JJenna
38%
KKassandra
38%
KKennedy/Kenedy
38%
KKimberly
38%
LLayla
38%
MMckenzie/Mackenzie
38%
NNaomi
38%
NNia
38%
OOna/Oona
38%
PPaisley/Paisly/Paislee
38%
PPoppy
38%
RRosemary
38%
TTaylor/Tayler
38%
VViviane/Vivian
38%
AAlexia
31%
CCamilla
31%
HHarley/Harly
31%
JJordyn/Jordan
31%
JJosie
31%
KKaylie/Kaylee/Kayliegh
31%
MMadelyn/Madeline
31%
MMila
31%
NNatasha
31%
NNevaeh
31%
OOphelia
31%
PParis
31%
SSavannah
31%
SSusie/Suzie
31%
SSydney/Sidney
31%
TTeresa
31%
AAddison
25%
AAubrey
25%
BBailey
25%
EEstelle
25%
FFlora
25%
GGail
25%
GGwen
25%
HHarmony
25%
HHazel
25%
JJoselyn/Jocelyn
25%
JJuliana/Julianna
25%
JJuliet
25%
KKayla
25%
KKenzie/Kensie
25%
KKirsten
25%
KKylie
25%
LLiv/Live
25%
LLucia
25%
MMaggy/Maggie
25%
NNatalia
25%
PPaige/Page
25%
PPayton/Peyton
25%
PPearl
25%
SSelena
25%
SSkye/Sky
25%
SSummer
25%
TTalia/Thalia
25%
YYasmin
25%
AAlaina/Alena
19%
AAutumn
19%
BBrooklyn
19%
CCharlie/Charley/Charli/Charly
19%
EErica
19%
GGenevieve
19%
HHallie/Halle
19%
HHeidi
19%
KKendyl/Kendall/Kenndal/Kendal
19%
LLacy/Lacey
19%
LLaine
19%
LLexi
19%
MMargo
19%
MMeredith
19%
NNadia/Noadya
19%
PPiper
19%
SSabrina
19%
SSasha
19%
SSimone
19%
SSkylar/Skyler
19%
TTabitha
19%
TThea
19%
TTrinity
19%
UUma
19%
VVirginia
19%
WWilla
19%
BBrooke
13%
BBryn/Brynn
13%
CCassidy
13%
CCate
13%
CCece
13%
CCiara
13%
CClaudia
13%
DDarla
13%
EEmerson
13%
EEstella
13%
IIngrid
13%
KKassidy
13%
KKeira/Kiera/Kira/Kyra
13%
KKendra
13%
LLeilani
13%
LLivia
13%
LLyla
13%
OOpal
13%
PPaulina
13%
PPressley/Presley/Presly
13%
RRae/Raelynn/Raelyn
13%
RRowen/Rowan
13%
SShay/Shey
13%
SShelby
13%
TTara
13%
WWinny/Winnie
13%
WWren
13%
AAddie/Ady/Addy
6%
AAlisha
6%
AAnnika
6%
DDara
6%
EElena
6%
EEmilia
6%
GGabby
6%
IInga
6%
JJacy/Jacie
6%
JJourney
6%
KKacy/Kacie
6%
KKinsley
6%
LLainy/Lainey
6%
LLivvy
6%
MMariah
6%
MMazy/Mazie
6%
MMckenna/Mackenna
6%
MMina
6%
NNala
6%
NNicolette
6%
NNylah/Nyla
6%
OOakley/Oakly/Oaklynn
6%
OOctavia
6%
QQuincey/Quincy
6%
RRagen/Raegan/Regan
6%
RReese/Reece
6%
RRegina
6%
SShayna
6%
TTaytum/Tatum
6%
TTianna/Tiana
6%
TTori/Torie/Tory
6%
VValentina
6%
WWesley/Weslyn
6%
WWhitney
6%
WWinter
6%
XXoe/Xoey
6%
ZZadie
6%
ZZayla
6%
ZZoya
6%
BBlaire
0%
BBlayke
0%
CCecila
0%
CCharolette
0%
DDeliah
0%
DDorthy
0%
FFrida
0%
GGabriana
0%
GGrayson
0%
IIzzy/Issy/Izzie
0%
JJayla
0%
JJojo
0%
KKaia
0%
KKhloe
0%
MMarium
0%
NNiki/Nicky
0%
OOcean
0%
OOlly/Ollie
0%
PPerry/Peary/Pery
0%
RRemy/Remi
0%
SSawyar/Sawyer
0%
SSiri
0%
SSue
0%
TTana
0%
TTeagan/Tegan
0%
TTiffiany/Tiffeny
0%
UUlyssa
0%
UUrielle/Uri
0%
VVennessa/Venessa
0%
VVoilet
0%
XXia
0%
XXyla
0%
YYoselin
0%
YYuna
0%
ZZaria
0%
ZZariah
0%
ZZaylee
0%

Score Distribution

Percentile by Number Answered

Percent of People with Each Score

Your Score History

You have not taken this quiz